Oh No, O Not 0!! Quiz Stats

 Plays Quiz Updated Jul 7, 2014

Support Sporcle.
Go Orange.
Score 0/40 Timer 00:30
0 Plays Today
% Correct
???
81.5%
???
81.4%
???
81.4%
???
81.4%
???
81.4%
???
81.4%
???
81.4%
???
81.4%
???
81.4%
???
81.4%
???
81.3%
???
81.3%
???
81.3%
???
81.3%
???
81.3%
???
81.3%
???
81.3%
???
81.3%
???
81.3%
???
81.3%
% Correct
???
81.3%
???
81.3%
???
81.3%
???
81.3%
???
81.3%
???
81.3%
???
81.2%
???
81.2%
???
81.2%
???
81.2%
???
81.2%
???
81.2%
???
81.2%
???
81.2%
???
81.2%
???
81.2%
???
81.2%
???
81.2%
???
81.2%
???
81.1%

You're not logged in!

Compare scores with friends on all Sporcle quizzes.
OR
Log In

From the Vault

Code Cracker! II

by hockeystix3

This quiz is great practice in case you ever find yourself needing to open a safe.
Remove Ads.
Support Sporcle.
Get the best of Sporcle when you Go Orange. This ad-free experience offers more features, more stats, and more fun while also helping to support Sporcle. Thank you for becoming a member.

Show Comments

Extras

Top Quizzes Today


Score Distribution

Your Account Isn't Verified!

In order to create a playlist on Sporcle, you need to verify the email address you used during registration. Go to your Sporcle Settings to finish the process.

Report this User

Report this user for behavior that violates our Community Guidelines.

Details: